Hydraulické převody pro vozidla

Salvato in:
Dettagli Bibliografici
Autore principale: Svoboda, Jiří (Autore)
Natura: Libro
Lingua:ceco
Pubblicazione: Praha : ČVUT, 2004
Edizione:2. vyd.
Soggetti:
Tags: Aggiungi Tag
Nessun Tag, puoi essere il primo ad aggiungerne!!

MARC

LEADER 00000nam a22000003a 4500
001 stu144452
005 20150716165417.4
008 070823s2004----xr------------------cze-d
020 |a 80-01-03006-7 
040 |a STU  |b slo 
041 0 |a cze 
044 |a xr 
080 |a 629.3.064 
100 1 |a Svoboda, Jiří  |4 aut 
245 1 |a Hydraulické převody pro vozidla 
250 |a 2. vyd. 
260 |a Praha :  |b ČVUT,  |c 2004 
300 |a 81 s 
650 7 |a pomocné systémy  |2 stusub 
650 7 |a hydraulické prevody  |2 stusub 
996 |b 284J032577  |c J*107977  |l JJK14  |s P  |a 0  |w stu144452_0001